000 00203 a2200085 4500
020 _a ‎ 9788957703724
100 _aKIM
245 _aLANDSCAPE ARCHITECTURE COMPETITION ANNUAL VOL 5
260 _bARCHI
_c2012
999 _c13591
_d13591